The Current employment statistics survey.

Bibliographic Details
Corporate Author: United States. Bureau of Labor Statistics
Format: Government Document Book
Language:English
Published: [Washington, D.C.?] : U.S. Dept. of Labor, Bureau of Labor Statistics, 1986.
Subjects:

MARC

Tag First Indicator Second Indicator Subfields
LEADER 00000cam a2200000 a 4500
001 in00000853021
005 20151019082551.0
008 861101s1986 dcuk s f00000 eng d
010 |a gp 87002605  
035 |a (OCoLC)14626809 
035 |9 AEF2686AM 
040 |a GPO  |c GPO  |d UtOrBLW 
043 |a n-us--- 
074 |a 769 
086 0 |a L 2.2:Em 7/44 
245 0 4 |a The Current employment statistics survey. 
264 1 |a [Washington, D.C.?] :  |b U.S. Dept. of Labor, Bureau of Labor Statistics,  |c 1986. 
300 |a 1 folded sheet (6 pages) :  |b 1 form ;  |c 21 x 9 cm. 
336 |a text  |b txt  |2 rdacontent 
337 |a unmediated  |b n  |2 rdamedia 
338 |a sheet  |b nb  |2 rdacarrier 
500 |a Shipping list number: 86-392-P. 
650 0 |a Employment forecasting  |z United States. 
650 0 |a Labor supply  |z United States  |x Statistics. 
710 1 |a United States.  |b Bureau of Labor Statistics. 
999 |a MARS 
999 f f |s dfbae616-7f7c-341f-933c-6a0d8cfe1909  |i 63623669-df6c-3977-8162-c5d6e20c7db2  |t 0 
952 f f |p normal  |a Texas A&M University  |b College Station  |c Sterling C. Evans Library  |d Evans: US Documents (Annex 5th floor)  |t 0  |e L 2.2:Em 7/44  |h Superintendent of Documents classification  |i unmediated -- sheet  |m A14814589291 
998 f f |a L 2.2:Em 7/44  |t 0  |l Evans: US Documents (Annex 5th floor)